Hunger Games by the Numbers Quiz Stats

Quiz not verified by Sporcle

Challenge
Share
Tweet
Embed
Score 0/55 Timer 09:00
0 Plays Today
Hint Answer % Correct
6 Surviving Tributes from the 75th GamesKatniss
91.4%
6 Surviving Tributes from the 75th GamesPeeta
88.8%
1 Drunk MentorHaymitch
88.7%
2 Known Stylists of the 74th Hunger GamesCinna
84.3%
5 Members in the Hawthorne FamilyGale
82.2%
7 Named Dead Tributes of the 74th GamesRue
81.8%
6 Surviving Tributes from the 75th GamesFinnick
77.7%
9 Capitol ResidentsSnow
76.3%
7 Named Dead Tributes of the 74th GamesCato
76.1%
6 Surviving Tributes from the 75th GamesJohanna
74.8%
6 Surviving Tributes from the 75th GamesBeetee
74.3%
7 Named Dead Tributes of the 74th GamesGlimmer
73.6%
7 Named Dead Tributes of the 74th GamesThresh
72.9%
7 Named Dead Tributes of the 74th GamesFoxface
72.8%
10 Named Dead Tributes of the 3rd QuellWiress
71.3%
10 Named Dead Tributes of the 3rd QuellMags
67.5%
2 Known Stylists of the 74th Hunger GamesPortia
65.8%
7 Named Dead Tributes of the 74th GamesClove
65.5%
8 District 13 InhabitantsAlma Coin
64.8%
3 Katniss' Prep Team MembersOctavia
64.3%
7 Named Dead Tributes of the 74th GamesMarvel
63.7%
9 Capitol ResidentsEffie
61.5%
10 Named Dead Tributes of the 3rd QuellGloss
61.4%
3 Katniss' Prep Team MembersFlavius
61.4%
10 Named Dead Tributes of the 3rd QuellBrutus
61%
6 Surviving Tributes from the 75th GamesEnobaria
61%
10 Named Dead Tributes of the 3rd QuellCashmere
58.7%
9 Capitol ResidentsPlutarch
54%
Hint Answer % Correct
10 Named Dead Tributes of the 3rd QuellChaff
53.1%
3 Katniss' Prep Team MembersVenia
51.5%
5 Members in the Hawthorne FamilyPosy
47.4%
10 Named Dead Tributes of the 3rd QuellSeeder
47.3%
4 Known AvoxesDarius
46.8%
8 District 13 InhabitantsBoggs
45.7%
4 Known AvoxesPollux
45.1%
5 Members in the Hawthorne FamilyHazelle
45%
5 Members in the Hawthorne FamilyRory
44.3%
9 Capitol ResidentsSeneca
43.5%
10 Named Dead Tributes of the 3rd QuellBlight
42.1%
9 Capitol ResidentsCaesar
41.4%
10 Named Dead Tributes of the 3rd QuellWoof
40.3%
10 Named Dead Tributes of the 3rd QuellCecelia
38.7%
5 Members in the Hawthorne FamilyVick
37%
9 Capitol ResidentsTigris
33.3%
9 Capitol ResidentsClaudius
30.1%
4 Known AvoxesLavinia
28.5%
8 District 13 InhabitantsLeeg 1
28.2%
8 District 13 InhabitantsLeeg 2
28.2%
8 District 13 InhabitantsJackson
27.3%
8 District 13 InhabitantsMitchell
25.3%
9 Capitol ResidentsFulvia
22.7%
8 District 13 InhabitantsHomes
20.4%
9 Capitol ResidentsAtala
12.3%
4 Known AvoxesCray
11.8%
8 District 13 InhabitantsDr. Aurelius
9.4%

You're not logged in!

Compare scores with friends on all Sporcle quizzes.
Join for Free
OR
Log In

You Might Also Like...

Show Comments

Extras

Editor's Pick Jun 12, 2014ReportNominate
Tags:Numbers Quiz, The Hunger Games Quiz

Top Quizzes Today


Score Distribution

Your Account Isn't Verified!

In order to create a playlist on Sporcle, you need to verify the email address you used during registration. Go to your Sporcle Settings to finish the process.

Report this User

Report this user for behavior that violates our Community Guidelines.

Details: